[Event "Druzynowe Mistrzostwa Polski Juniorow - Ekstraliga"]
[Site "Sypniewo k. Jastrowia"]
[Date "2024-06-17"]
[Round "2.16"]
[White "Iwan, Patryk"]
[Black "Ochedzan, Filip"]
[Result "1/2-1/2"]
[WhiteTitle "I"]
[BlackTitle "I"]
[WhiteElo "1808"]
[BlackElo "1899"]

1. e4 2. c5 3. Nf3 4. d6 5. d4 6. cxd4 7. Nxd4 8. Nf6 9. Nc3 10. Nc6 11. Bg5 12.
e6 13. Qd2 14. a6 15. O-O-O 16. Bd7 17. f4 18. h6 19. Bxf6 20. Qxf6 21. Nf3 22.
Qd8 23. f5 24. Be7 25. fxe6 26. fxe6 27. Kb1 28. Qa5 29. Ne2 30. Qxd2 31. Rxd2
32. Rf8 33. Ned4 34. Nxd4 35. Rxd4 36. e5 37. Rd1 38. Bc6 39. Bd3 40. O-O-O 41.
c4 42. Rf4 43. Rde1 44. g5 45. Rhf1 46. Rdf8 47. Nd2 48. g4 49. g3 50. Rf2 51.
Rxf2 52. Rxf2 53. Re2 54. Rf8 55. Re1 56. Kd7 57. Rf1 58. Rh8 59. Kc2 60. h5 61.
Rf2 62. Ke8 63. Nf1 64. Bg5 65. b3 66. b5 67. cxb5 68. axb5 69. Kd1 70. Ke7 71.
Rc2 72. Kd7 73. Ke1 74. h4 75. Rf2 76. hxg3 77. hxg3 78. Ke7 79. Rc2 80. Bd7 81.
Rc7 82. Kd8 83. Rb7 84. Kc8 85. Ra7 86. Rh1 1/2-1/2

[Event "Druzynowe Mistrzostwa Polski Juniorow - Ekstraliga"]
[Site "Sypniewo k. Jastrowia"]
[Date "2024-06-17"]
[Round "2.17"]
[White "Starosta, Martyna"]
[Black "Matskevich, Varvara"]
[Result "1-0"]
[WhiteTitle "WFM"]
[BlackTitle "k"]
[WhiteElo "2268"]
[BlackElo "1949"]

1. e4 2. c5 3. Nf3 4. d6 5. d4 6. cxd4 7. Nxd4 8. Nf6 9. Nc3 10. a6 11. Nb3 12.
b5 13. a4 14. b4 15. Nd5 16. e6 17. Nxf6+ 18. Qxf6 19. Bd3 20. Nd7 21. O-O 22.
Qd8 23. a5 24. Bb7 25. Qe1 26. d5 27. Bd2 28. Rb8 29. exd5 30. Bxd5 31. Bxa6 32.
Bd6 33. Bd3 34. Ne5 35. Be4 36. O-O 37. f4 38. Nc4 39. Bxd5 40. exd5 41. Qg3 42.
Nxb2 43. Be3 44. Nc4 45. Bd4 46. f6 47. Qf3 48. Rb5 49. a6 50. Na3 51. a7 52.
Qc8 53. Qe2 54. Qe8 55. Qd3 56. Qc6 57. Rf3 58. Ra8 59. Rf2 60. Re8 61. Re2 62.
Ra8 63. Re6 64. Qd7 65. Rxd6 66. Qxd6 67. Rxa3 68. Rb7 69. Ra5 70. Rd7 71. g3
72. Rdd8 73. Ra6 74. Qe7 75. Kf2 76. Rdc8 77. Ra2 78. Qc7 79. Bc5 80. Qc6 81.
Ra6 82. Qb7 83. Rd6 84. Rd8 85. Na5 86. Qf7 87. Rxd8+ 88. Rxd8 89. Nc6 90. Ra8
91. Qxd5 92. Re8 93. Qxf7+ 94. Kxf7 95. Nb8 1-0

[Event "Druzynowe Mistrzostwa Polski Juniorow - Ekstraliga"]
[Site "Sypniewo k. Jastrowia"]
[Date "2024-06-17"]
[Round "2.18"]
[White "Malicka, Magdalena"]
[Black "Smietanska, Wiktoria"]
[Result "0-1"]
[WhiteTitle "I++"]
[BlackTitle "CM"]
[WhiteElo "1729"]
[BlackElo "2133"]

1. e4 2. c5 3. Nc3 4. Nc6 5. Nf3 6. Nf6 7. d4 8. cxd4 9. Nxd4 10. d6 11. Bc4 12.
e6 13. Be3 14. Be7 15. Bb3 16. a6 17. f3 18. Na5 19. Qd2 20. Bd7 21. O-O-O 22.
b5 23. g4 24. Nxb3+ 25. Nxb3 26. b4 27. Ne2 28. a5 29. Nbd4 30. a4 31. Kb1 32.
Qc7 33. h4 34. g6 35. Ng3 36. e5 37. g5 38. Ng8 39. Nde2 40. Be6 41. f4 42. Qc4
43. Nc1 44. b3 45. f5 46. gxf5 47. exf5 48. Bd7 49. Qd3 50. bxc2+ 51. Qxc2 52.
Qxc2+ 53. Kxc2 54. f6 55. Rhf1 56. Bc6 57. Nd3 58. d5 59. gxf6 60. Bxf6 61. Nb4
62. Rc8 63. Kb1 64. Ne7 65. Bg5 66. Bxg5 67. hxg5 68. d4 69. Nxc6 70. Nxc6 71.
Ne4 72. Kd7 73. Rc1 74. Ne7 75. Rc2 76. Nd5 77. Re1 78. Rxc2 79. Kxc2 80. Ne3+
81. Kd3 82. Nxf5 83. Rh1 84. Ke6 85. Rh2 86. Ne7 87. Rh6+ 88. Ng6 89. Nf6 90.
Kf5 91. Nxh7 92. Rd8 93. Rh2 94. Nf4+ 95. Kd2 96. e4 97. Nf6 98. e3+ 99. Ke1 100.
d3 0-1

[Event "Druzynowe Mistrzostwa Polski Juniorow - Ekstraliga"]
[Site "Sypniewo k. Jastrowia"]
[Date "2024-06-17"]
[Round "2.19"]
[White "Fiszer, Bartosz"]
[Black "Ugorek, Kacper"]
[Result "1-0"]
[WhiteTitle "CM"]
[BlackTitle "k"]
[WhiteElo "2275"]
[BlackElo "2185"]

1. Nf3 2. Nf6 3. g3 4. d5 5. c4 6. dxc4 7. Qa4+ 8. Bd7 9. Qxc4 10. Bc6 11. Bg2
12. e6 13. O-O 14. b5 15. Qc2 16. a6 17. d3 18. Bb7 19. a4 20. b4 21. a5 22. c5
23. Nbd2 24. Nbd7 25. Nc4 26. Be7 27. e4 28. O-O 29. Rd1 30. Rc8 31. Qe2 32. Bc6
33. Bf4 34. Bb5 35. b3 36. Nh5 37. Be3 38. Nhf6 39. Bf4 40. Nh5 41. Be3 42. Nhf6
43. Ne1 44. Qc7 45. f4 46. Rfd8 47. g4 48. Bxc4 49. dxc4 50. e5 51. g5 52. exf4
53. gxf6 54. Bxf6 55. Bd2 56. Bxa1 57. Rxa1 58. Qe5 59. Rb1 60. Nf6 61. Nf3 62.
Qxe4 63. Qxe4 64. Nxe4 65. Bxf4 66. f5 67. Ne5 68. Re8 69. Bxe4 70. fxe4 71. Re1
72. Rcd8 73. Rxe4 74. Rd1+ 75. Kg2 76. Ra1 77. Re3 78. Rxa5 79. Nd7 80. Rc8 81.
Re7 82. Rc6 83. Be5 84. Rg6+ 85. Kf3 86. Ra3 87. Nxc5 88. a5 89. Ra7 90. Ra2 91.
Nb7 92. Rg5 93. Bf4 94. Rh5 95. c5 96. a4 97. c6 98. axb3 99. Rxa2 100. bxa2 101.
c7 102. a1=Q 103. c8=Q+ 104. Kf7 105. Nd6+ 106. Kf6 107. Qf8+ 108. Ke6 109. Qf7#
1-0

[Event "Druzynowe Mistrzostwa Polski Juniorow - Ekstraliga"]
[Site "Sypniewo k. Jastrowia"]
[Date "2024-06-17"]
[Round "2.20"]
[White "Jedraszek, Pawel"]
[Black "Kowalski, Witold"]
[Result "1-0"]
[WhiteTitle "k"]
[BlackTitle "I++"]
[WhiteElo "2155"]
[BlackElo "1971"]

1. c4 2. c5 3. Nc3 4. Nc6 5. Nf3 6. Nf6 7. e3 8. e6 9. d4 d5 10. a3 11. cxd4 12.
exd4 13. Be7 14. c5 15. Ne4 16. Bb5 17. Nxc3 18. bxc3 19. Bd7 20. O-O 21. O-O
22. Re1 23. Rc8 24. Rb1 25. Na5 26. Bxd7 27. Qxd7 28. Ne5 29. Qe8 30. Qd3 31.
Bd8 32. Re3 33. b6 34. Rh3 35. f5 36. cxb6 37. axb6 38. Re3 39. Bc7 40. Nf3 41.
Nc4 42. Re2 43. Qc6 44. Bb2 45. Rfe8 46. Rbe1 47. Nxb2 48. Rxb2 49. Bd6 50. Rb3
51. Ra8 52. Ra1 53. Ra4 54. g3 55. Rc4 56. Rab1 57. Bc7 58. Ne1 59. b5 60. Nc2
61. Ba5 62. Ne3 63. Rb8 64. Nd1 65. Rb6 66. Qf3 67. Rb8 68. Qe3 69. Kf7 70. Rc1
71. Bb6 72. Nb2 73. Bxd4 74. Nxc4 75. dxc4 76. cxd4 77. Qd5 78. Rb4 1-0

[Event "Druzynowe Mistrzostwa Polski Juniorow - Ekstraliga"]
[Site "Sypniewo k. Jastrowia"]
[Date "2024-06-17"]
[Round "2.21"]
[White "Niezhentsev, Kyrylo"]
[Black "Goralski, Mateusz"]
[Result "1-0"]
[WhiteTitle "I++"]
[BlackTitle "II"]
[WhiteElo "2140"]
[BlackElo "1690"]

1. e4 2. c5 3. Nf3 4. e6 5. g3 6. Nc6 7. Bg2 8. Nf6 9. Qe2 10. e5 11. O-O 12. Be7
13. d3 14. O-O 15. a4 16. Re8 17. Na3 18. Bf8 19. Nc4 20. d5 21. exd5 22. Nxd5
23. Re1 24. Bg4 25. c3 26. f6 27. Ne3 28. Nxe3 29. Bxe3 30. c4 31. Red1 32. cxd3
33. Rxd3 34. Qc7 35. Rd2 36. Kh8 37. h3 38. Bh5 39. g4 40. Bf7 41. Nh4 42. Na5
43. Rdd1 44. Nb3 45. Rab1 46. e4 47. Qc2 48. Qc6 49. Nf5 50. g6 51. Ng3 52. Bd5
53. Rxd5 54. Qxd5 55. Nxe4 56. Qf7 57. Nxf6 58. Qxf6 59. Qxb3 60. Rxe3 61. fxe3
62. Bc5 63. Qxb7 64. Bxe3+ 65. Kh1 66. Rd8 67. Rf1 68. Qh4 69. Qe4 70. Bg5 71.
Qe5+ 72. Kg8 73. Bd5+ 74. Rxd5 75. Qe8+ 1-0

[Event "Druzynowe Mistrzostwa Polski Juniorow - Ekstraliga"]
[Site "Sypniewo k. Jastrowia"]
[Date "2024-06-17"]
[Round "2.22"]
[White "Gora, Antoni"]
[Black "Klim, Juliusz"]
[Result "1/2-1/2"]
[WhiteTitle "II"]
[BlackTitle "I++"]
[WhiteElo "1733"]
[BlackElo "1882"]

1. e4 2. c5 3. Nf3 4. d6 5. d4 6. cxd4 7. Nxd4 8. Nf6 9. Nc3 10. a6 11. Be2 12.
e5 13. Nb3 14. Be7 15. O-O 16. O-O 17. Be3 18. Be6 19. Qd2 20. Nbd7 21. a4 22.
Rc8 23. f3 24. Qc7 25. a5 26. Qc6 27. Rfd1 28. Rfd8 29. Rac1 30. Bc4 31. Bxc4
32. Qxc4 33. Qd3 34. Qc7 35. Qe2 36. b5 37. Nd5 38. Nxd5 39. Rxd5 40. Qc6 41.
Qf2 42. Nf6 43. Rdd1 44. d5 45. exd5 46. Nxd5 47. Bd2 48. Qg6 49. c3 50. Rd7 51.
Kh1 52. Rcd8 53. Qe2 54. Bf6 55. Nc5 56. Rd6 57. Ne4 58. Rc6 59. Nxf6+ 60. Qxf6
61. Be3 62. Rcd6 63. Re1 64. Qg6 65. g3 66. e4 67. Bd4 68. e3 69. Bxe3 70. Re8
71. Qf2 72. Rde6 73. Bd2 74. Qd3 75. Rxe6 76. fxe6 77. Re1 78. Rf8 79. f4 80.
Nf6 81. Qe2 82. Qd5+ 83. Kg1 84. Re8 85. Qg2 86. Qd6 87. Be3 88. e5 89. fxe5 90.
Rxe5 91. Qd2 92. Qc6 93. Bd4 94. Rxe1+ 95. Qxe1 96. Ne4 97. Qd1 98. h6 99. Qg4
100. Ng5 101. Kf2 102. Qh1 103. Qc8+ 104. Kh7 105. Qf5+ 106. Kg8 107. Qc8+ 108.
Kh7 109. Qf5+ 110. Kg8 111. Qc8+ 1/2-1/2

[Event "Druzynowe Mistrzostwa Polski Juniorow - Ekstraliga"]
[Site "Sypniewo k. Jastrowia"]
[Date "2024-06-17"]
[Round "2.23"]
[White "Sprzeczka, Emilia"]
[Black "Uliasz, Katarzyna"]
[Result "1-0"]
[WhiteTitle "k+"]
[BlackTitle "I++"]
[WhiteElo "2017"]
[BlackElo "1762"]

1. e4 2. c5 3. c3 4. g6 5. d4 6. cxd4 7. cxd4 8. d5 9. e5 10. Nc6 11. Bb5 12. Bg7
13. Nc3 14. h5 15. Nf3 16. Bg4 17. h3 18. Bxf3 19. Qxf3 20. e6 21. Be3 22. Ne7
23. O-O 24. Qb6 25. Rac1 26. O-O 27. Rfd1 28. f6 29. Bxc6 30. fxe5 31. Qg3 32.
bxc6 33. dxe5 34. Qa5 35. Ne2 36. Kh7 37. Qg5 38. Rae8 39. g4 40. hxg4 41. hxg4
42. Qc7 43. Bf4 44. Rxf4 45. Nxf4 46. Qxe5 47. Qxe5 48. Bxe5 49. Nxe6 50. Bxb2
51. Rb1 52. Be5 53. Rb7 54. a5 55. Re1 56. Bd6 57. Nd4 58. Rc8 59. Re6 60. Bc5
61. Nxc6 62. Rxc6 63. Rxc6 1-0

[Event "Druzynowe Mistrzostwa Polski Juniorow - Ekstraliga"]
[Site "Sypniewo k. Jastrowia"]
[Date "2024-06-17"]
[Round "2.24"]
[White "Skorupa, Antonina"]
[Black "Izafatava, Kira"]
[Result "1/2-1/2"]
[WhiteTitle "I"]
[BlackTitle "I++"]
[WhiteElo "1619"]
[BlackElo "1761"]

1. Nf3 2. d5 3. b4 4. a5 5. b5 6. Bd7 7. a4 8. c6 9. Nc3 10. Nf6 11. e3 12. g6
13. Bb2 14. Bg7 15. Be2 16. O-O 17. O-O 18. Ne4 19. Rb1 20. f5 21. Nxe4 22. fxe4
23. Bxg7 24. exf3 25. Bxf8 26. fxe2 27. Qxe2 28. Qxf8 29. bxc6 30. Bxc6 31. Qg4
32. Nd7 33. Rxb7 34. Bxb7 35. Qxd7 36. Qc8 37. Qxe7 38. Qc6 39. Rb1 40. Ba6 41.
h3 42. Re8 43. Qa7 44. Ra8 45. Qe7 46. Bc8 47. Rb6 48. Qxb6 49. Qe8+ 50. Kg7 51.
Qe7+ 52. Kg8 53. Qe8+ 54. Kg7 55. Qe7+ 56. Kg8 57. Qe8+ 58. Kg7 59. Qe7+ 60. Kg8
61. Qe8+ 1/2-1/2

[Event "Druzynowe Mistrzostwa Polski Juniorow - Ekstraliga"]
[Site "Sypniewo k. Jastrowia"]
[Date "2024-06-17"]
[Round "2.25"]
[White "Chyzy, Jakub"]
[Black "Raczek, Krzysztof"]
[Result "1-0"]
[WhiteTitle "FM"]
[BlackTitle "FM"]
[WhiteElo "2335"]
[BlackElo "2342"]

1. e4 2. c5 3. Nf3 4. e6 5. d4 6. cxd4 7. Nxd4 8. Nf6 9. Nc3 10. Nc6 11. Ndb5 12.
Bc5 13. Nd6+ 14. Ke7 15. Bf4 16. e5 17. Nf5+ 18. Kf8 19. Bg5 20. d6 21. Ne3 22.
h6 23. Bxf6 24. Qxf6 25. Ncd5 26. Qd8 27. Bc4 28. Be6 29. O-O 30. g6 31. c3 32.
Rc8 33. Qd3 34. Kg7 35. b4 36. Bxe3 37. Nxe3 38. Qc7 39. Bd5 40. Ne7 41. c4 42.
a5 43. bxa5 44. Bxd5 45. exd5 46. Qxa5 47. f4 48. f6 49. Rab1 50. Rc7 51. Rf2
52. exf4 53. Rxf4 54. Rf8 55. h4 56. Qc5 57. Kh1 58. h5 59. Rb5 60. Qa7 61. Nc2
62. Rf7 63. Nd4 64. Rc8 65. Qb3 66. Ng8 67. Ne6+ 68. Kh8 69. c5 70. dxc5 71. d6
72. Rd7 73. Qd3 74. Qxa2 75. Nxc5 76. Rg7 77. d7 78. Rd8 79. Rxb7 80. Qa1+ 81.
Kh2 82. g5 83. Qd4 84. Qa2 85. Rxf6 86. Kh7 87. Rf2 1-0

[Event "Druzynowe Mistrzostwa Polski Juniorow - Ekstraliga"]
[Site "Sypniewo k. Jastrowia"]
[Date "2024-06-17"]
[Round "2.26"]
[White "Warchol, Kamil"]
[Black "Krawczyk, Flawian"]
[Result "1-0"]
[WhiteTitle "FM"]
[BlackTitle "CM"]
[WhiteElo "2164"]
[BlackElo "2311"]

1. e4 2. c5 3. Nf3 4. d6 5. d4 6. cxd4 7. Nxd4 8. Nf6 9. Nc3 10. a6 11. Rg1 12.
e5 13. Nb3 14. h5 15. Bg5 16. Be6 17. Qd2 18. Nbd7 19. O-O-O 20. Be7 21. f4 22.
b5 23. Bd3 24. Rc8 25. Qe1 26. Ng4 27. Bxe7 28. Qxe7 29. h3 30. Ngf6 31. Qh4 32.
Bxb3 33. axb3 34. Nc5 35. b4 36. Ne6 37. f5 38. Nd4 39. Kb1 40. Kf8 41. Ne2 42.
Nc6 43. c3 44. a5 45. bxa5 46. Nxa5 47. g4 48. Qb7 49. Nc1 50. b4 51. cxb4 52.
Qxb4 53. Qe1 54. Qb6 55. Rg2 56. hxg4 57. hxg4 58. Nc6 59. Qc3 60. Rh3 61. Qc4
62. Rc7 63. g5 64. Ne8 65. g6 66. Nd4 67. Qd5 Qc6 68. gxf7 69. Nf6 70. Qxc6 71.
Rxc6 72. Ne2 73. Nb3 74. Nc3 75. Nc5 76. Bc2 77. Rb6 78. Kc1 79. Kxf7 80. Rdg1
81. Rh7 82. Rg6 83. Rb4 84. Nd5 85. Nxd5 86. exd5 87. Rc4 88. Kb1 89. e4 90. R1g2
91. Ke7 92. Rxg7+ 93. Rxg7 94. Rxg7+ 95. Kf6 96. Rg6+ 97. Ke5 98. f6 99. e3 100.
f7 101. Rf4 102. Rg5+ 103. Kd4 104. Rg4 105. Rxg4 106. f8=Q 107. Ne4 108. Qh8+
109. Kxd5 110. Qh5+ 111. Rg5 112. Bxe4+ 1-0

[Event "Druzynowe Mistrzostwa Polski Juniorow - Ekstraliga"]
[Site "Sypniewo k. Jastrowia"]
[Date "2024-06-17"]
[Round "2.27"]
[White "Sowinski, Pawel"]
[Black "Radzimski, Antoni"]
[Result "1-0"]
[WhiteTitle "FM"]
[BlackTitle "k"]
[WhiteElo "2428"]
[BlackElo "2224"]

1. d4 2. Nf6 3. c4 4. e6 5. g3 6. d5 7. Nf3 8. Bb4+ 9. Bd2 10. a5 11. Bg2 12. O-O
13. Qc1 14. c6 15. O-O 16. Be7 17. Rd1 18. Nbd7 19. Bf4 20. b6 21. Ne5 22. Bb7
23. Nc3 24. Rc8 25. e4 26. dxe4 27. Nxe4 28. Nxe4 29. Bxe4 30. Nxe5 31. Bxe5 32.
Bd6 33. c5 34. Bc7 35. Qf4 36. b5 37. Qg4 38. g6 39. Qf3 40. f6 41. Bxc7 42. Qxc7
43. a4 44. b4 45. Bd3 46. Kg7 47. Bc4 48. Qd7 49. Qg4 50. Rfe8 51. Rd3 52. Rcd8
53. Re1 54. Bc8 55. Qf4 56. Re7 57. Ree3 58. Qe8 59. Re4 60. g5 61. Qf3 62. Qd7
63. b3 64. h6 65. Qe2 66. Rde8 67. Qh5 68. Rd8 69. Qe2 70. Rde8 71. h4 72. Qc7
73. Qh5 74. Qd7 75. Rde3 76. Qd8 77. Bd3 78. Rh8 79. Bc4 80. Rhe8 81. g4 82. Rf7
83. Bd3 84. Rh8 85. Kf1 86. Qe7 87. Bc4 88. Re8 89. f4 90. gxf4 91. Rxf4 92. Rff8
93. Rfe4 94. f5 95. gxf5 96. Rxf5+ 97. Qxf5 98. Rf8 99. Qxf8+ Qxf8+ 100. Kg2 101.
Qf6 102. Rg3+ 103. Kh8 104. Reg4 105. Qf8 106. Rg6 107. Bd7 108. Rf3 109. Qe7
110. Bd3 111. Be8 112. Rxh6+ 1-0

[Event "Druzynowe Mistrzostwa Polski Juniorow - Ekstraliga"]
[Site "Sypniewo k. Jastrowia"]
[Date "2024-06-17"]
[Round "2.28"]
[White "Lecki, Leonard"]
[Black "Golis, Wiktor"]
[Result "1-0"]
[WhiteTitle "k"]
[BlackTitle "I++"]
[WhiteElo "2010"]
[BlackElo "2228"]

1. c4 2. e6 3. g3 4. d5 5. Bg2 6. dxc4 7. Qa4+ 8. Qd7 9. Qxc4 10. c5 11. Na3 12.
Nc6 13. Qb5 14. Nh6 15. Bxc6 16. bxc6 17. Qa4 18. Nf5 19. d3 20. Be7 21. Nc4 22.
O-O 23. f4 24. Qd5 25. Nf3 26. Nd4 27. Rf1 28. Rb8 29. Bd2 30. Bf6 31. Bc3 32.
Rd8 33. Rd1 34. a6 35. e4 36. Qh5 37. Bxd4 38. Bxd4 39. Qa5 40. Bb7 41. Rd2 42.
Qg4 43. Nxd4 44. cxd4 45. Ne5 46. Qh5 47. Nxc6 48. Qxa5 49. Nxa5 50. Rdc8 51.
Kd1 52. f5 53. Re1 54. fxe4 55. dxe4 56. Ba8 57. b3 58. Rc3 59. Rxd4 60. Rbc8
61. Nc4 62. Bc6 63. Re3 64. Rxe3 65. Nxe3 66. Kf7 67. Nc4 68. Ke7 69. Ne5 70.
Ba8 71. Kd2 72. Rc7 73. b4 74. h5 75. h4 76. Bb7 77. a4 78. Ba8 79. Kd3 80. Bb7
81. Rc4 1-0

[Event "Druzynowe Mistrzostwa Polski Juniorow - Ekstraliga"]
[Site "Sypniewo k. Jastrowia"]
[Date "2024-06-17"]
[Round "2.29"]
[White "Pawicka, Magdalena"]
[Black "Gaszka, Zuzanna"]
[Result "1/2-1/2"]
[WhiteTitle "k+"]
[BlackTitle "k"]
[WhiteElo "1985"]
[BlackElo "1901"]

1. e4 2. c6 3. d4 4. d5 5. f3 6. e6 7. Nc3 8. Bb4 9. Bd2 10. Ne7 11. a3 12. Ba5
13. Bd3 14. Bb6 15. Nge2 16. Bd7 17. Bg5 18. O-O 19. Qd2 20. f6 21. Bh4 22. Be8
23. O-O-O 24. Nd7 25. g4 26. c5 27. exd5 28. exd5 29. Nxd5 30. Nxd5 31. Bc4 32.
cxd4 33. Bxd5+ 34. Bf7 35. Bxf7+ 36. Rxf7 37. Nxd4 38. Ne5 39. Rhf1 40. Rd7 41.
c3 42. Rc8 43. Kb1 44. Rc4 45. f4 46. Ng6 47. Bf2 48. Qc7 49. Be3 50. Ne7 51.
Qe2 52. Nd5 53. Bg1 54. Re7 55. Qf3 56. Rd7 57. Qe2 58. Re7 59. Qf3 60. Rd7 61.
Nf5 62. Rxf4 63. Qe2 64. Qd8 65. Bxb6 66. Nxb6 67. Rxf4 68. Rxd1+ 69. Kc2 70.
Rd7 71. Re4 72. Kf8 73. Nd4 74. Kf7 75. g5 76. Re7 77. Qh5+ 78. Kg8 79. Rh4 80.
g6 81. Qf3 82. f5 83. Rh3 84. Re4 85. Rg3 86. Qd5 87. Qd3 88. Nc4 89. h3 90. a5
91. a4 92. Re1 93. Nb5 94. Qxd3+ 95. Rxd3 1/2-1/2

[Event "Druzynowe Mistrzostwa Polski Juniorow - Ekstraliga"]
[Site "Sypniewo k. Jastrowia"]
[Date "2024-06-17"]
[Round "2.30"]
[White "Figa, Karolina"]
[Black "Ejsymont, Blanka"]
[Result "0-1"]
[WhiteTitle "I++"]
[BlackTitle "WCM"]
[WhiteElo "1760"]
[BlackElo "1772"]

1. d4 2. d5 3. c4 4. e6 5. Nc3 6. c6 7. Nf3 8. dxc4 9. a4 10. Bb4 11. g3 12. c5
13. dxc5 14. Qxd1+ 15. Kxd1 16. Bxc5 17. Ne4 18. Be7 19. Ne5 20. Bd7 21. Nxc4
22. Nf6 23. Nxf6+ 24. Bxf6 25. Bg2 26. Bc6 27. Bxc6+ 28. Nxc6 29. Nd6+ 30. Ke7
31. Nxb7 32. Rab8 33. Nc5 34. Rhd8+ 35. Nd3 36. Nb4 37. Ra3 38. Bxb2 39. Rb3 40.
Nxd3 41. Rxd3 42. Rxd3+ 43. exd3 44. Bxc1 45. Kxc1 46. Rb4 47. Kd2 48. Rxa4 49.
Rb1 50. Kf6 51. Rb7 52. Ra2+ 53. Ke3 54. a5 55. Ra7 56. a4 57. h4 58. Ra1 59.
Ra5 60. g6 61. Kf3 62. h6 63. Ke3 64. a3 65. Kf3 66. Ke7 67. Ra7+ 68. Kf8 69.
Ke2 70. Kg7 71. Kf3 72. Kf6 73. Ra5 74. h5 75. Ke2 76. Kg7 77. Ra7 78. Kf6 79.
Ra5 80. Ke7 81. Ra7+ 82. Kd6 83. Rxf7 84. Kc5 85. Ra7 86. Kb4 87. Rb7+ 88. Kc3
89. Rb8 90. Ra2+ 91. Ke3 92. Rb2 93. Ra8 94. Rb3 95. Rc8+ 96. Kb2 97. Kd2 98.
a2 0-1

[Event "Druzynowe Mistrzostwa Polski Juniorow - Ekstraliga"]
[Site "Sypniewo k. Jastrowia"]
[Date "2024-06-17"]
[Round "3.1"]
[White "Raczek, Krzysztof"]
[Black "Rog, Bartlomiej"]
[Result "1-0"]
[WhiteTitle "FM"]
[BlackTitle "k"]
[WhiteElo "2342"]
[BlackElo "2179"]

1. Nf3 2. d5 3. d4 4. Nf6 5. c4 6. dxc4 7. e3 8. Bg4 9. Bxc4 10. e6 11. Nc3 12.
Nbd7 13. h3 14. Bh5 15. O-O 16. Bd6 17. Be2 18. c6 19. e4 20. Bxf3 21. Bxf3 22.
e5 23. d5 24. Qe7 25. dxc6 26. bxc6 27. Qa4 28. O-O 29. Qxc6 30. Rfc8 31. Qb5
32. Rab8 33. Qe2 34. Bc5 35. Bg5 36. Qe6 37. Rfd1 38. h6 39. Bh4 40. a6 41. Nd5
42. Bd4 43. Rd2 44. Nxd5 45. exd5 Qb6 46. Be7 47. Bxb2 48. Rad1 49. Bd4 50. Bg4
51. Rb7 52. d6 53. Rc3 54. Bf5 55. Qc5 56. Qg4 57. Rb4 58. Be4 59. Rc1 60. Qxd7
61. Bxf2+ 62. Kh2 63. Bg1+ 64. Kh1 65. Rxe4 66. Qe8+ 67. Kh7 68. d7 69. Qe3 70.
d8=Q 71. Qg3 72. Qg8+ 73. Kg6 74. Qxg7+ 1-0

[Event "Druzynowe Mistrzostwa Polski Juniorow - Ekstraliga"]
[Site "Sypniewo k. Jastrowia"]
[Date "2024-06-17"]
[Round "3.2"]
[White "Jablonski, Wojciech"]
[Black "Warchol, Kamil"]
[Result "1/2-1/2"]
[WhiteTitle "I"]
[BlackTitle "FM"]
[WhiteElo "1960"]
[BlackElo "2164"]

1. d4 2. Nf6 3. c4 4. e6 5. g3 6. d5 7. Nf3 8. Bb4+ 9. Bd2 10. Be7 11. Bg2 12.
O-O 13. O-O 14. c6 15. Qc2 16. Nbd7 17. Bf4 18. a5 19. Rd1 20. a4 21. Ne5 22.
Qa5 23. a3 24. Nxe5 25. Bxe5 26. b5 27. cxd5 28. cxd5 29. Nc3 30. Bb7 31. Qd3
32. Ba6 33. Qd2 34. Bb7 35. Qd3 36. Ba6 37. Qd2 38. Kh8 39. Qf4 40. Rac8 41. Bd6
42. Bxd6 43. Qxd6 44. Rfd8 45. Qf4 46. Rc4 47. g4 48. Kg8 49. g5 50. Ne8 51. Rd3
52. Nd6 53. Na2 54. Qb6 55. Nb4 56. Bb7 57. Rad1 58. Nf5 59. Bh3 60. Ne7 61. Bg4
62. Ng6 63. Qg3 64. Qc7 65. Qxc7 66. Rxc7 67. R3d2 68. Nf8 69. e3 70. Rd6 1/2-1/2

[Event "Druzynowe Mistrzostwa Polski Juniorow - Ekstraliga"]
[Site "Sypniewo k. Jastrowia"]
[Date "2024-06-17"]
[Round "3.3"]
[White "Radzimski, Antoni"]
[Black "Rozanski, Mateusz"]
[Result "1-0"]
[WhiteTitle "k"]
[BlackTitle "I+"]
[WhiteElo "2224"]
[BlackElo "2024"]

1. e4 2. e5 3. Nf3 4. Nc6 5. Nc3 6. Nf6 7. Bb5 8. Bc5 9. O-O 10. d6 11. d4 12.
exd4 13. Nxd4 14. Bd7 15. Bxc6 16. bxc6 17. Bg5 18. h6 19. Bh4 20. O-O 21. Qd3
22. Re8 23. Rae1 24. Rb8 25. Nb3 26. Bb4 27. f4 28. Bxc3 29. bxc3 30. Rb5 31.
Nd4 32. Rh5 33. Qg3 34. Rc5 35. Nb3 36. Rh5 37. Nd4 38. Rc5 39. Qf3 40. g5 41.
fxg5 42. hxg5 43. Bg3 44. Kg7 45. Nb3 46. Bg4 47. Qf2 48. Rce5 49. Bxe5 50. Rxe5
51. Nd4 52. Bd7 53. Nf3 54. Nxe4 55. Rxe4 56. Rxe4 57. Nxg5 58. Re7 59. Qf6+ 60.
Kg8 61. Nxf7 1-0

[Event "Druzynowe Mistrzostwa Polski Juniorow - Ekstraliga"]
[Site "Sypniewo k. Jastrowia"]
[Date "2024-06-17"]
[Round "3.4"]
[White "Koch, Maciej"]
[Black "Lecki, Leonard"]
[Result "0-1"]
[WhiteTitle "II"]
[BlackTitle "k"]
[WhiteElo "1630"]
[BlackElo "2010"]

1. e4 2. c5 3. Nf3 4. e6 5. d4 6. cxd4 7. Nxd4 8. a6 9. Bd3 10. Nf6 11. c4 12.
d6 13. O-O 14. g6 15. Be3 16. Bg7 17. Nc3 18. Nbd7 19. f4 20. O-O 21. f5 22. Ne5
23. Bg5 24. Qb6 25. Be3 26. Neg4 27. Qd2 28. Nxe3 29. Qxe3 30. Ng4 31. Qf3 32.
Qxd4+ 33. Kh1 34. Ne5 0-1

[Event "Druzynowe Mistrzostwa Polski Juniorow - Ekstraliga"]
[Site "Sypniewo k. Jastrowia"]
[Date "2024-06-17"]
[Round "3.5"]
[White "Wojs, Alicja"]
[Black "Siekanska, Maria"]
[Result "1/2-1/2"]
[WhiteTitle "k"]
[BlackTitle "WFM"]
[WhiteElo "1907"]
[BlackElo "2204"]

1. e4 c5 2. Nf3 3. e6 4. d4 5. cxd4 6. Nxd4 7. a6 8. Bd3 9. Bc5 10. Nb3 11. Ba7
12. O-O 13. Nc6 14. Qe2 15. Nge7 16. Kh1 17. Ne5 18. f4 19. Nxd3 20. cxd3 21.
f5 22. Be3 23. Bxe3 24. Qxe3 25. O-O 26. N1d2 27. b5 28. Rac1 29. Rb8 30. Nf3
31. Qb6 32. Qd2 33. b4 34. Ne5 35. fxe4 36. dxe4 37. d5 38. exd5 39. Nxd5 40.
Nc5 41. Nf6 42. Qe2 43. Qb5 44. Qe3 45. Rb6 46. Ncd3 47. Rd6 48. Qc5 49. Qxc5
50. Nxc5 51. Rd2 52. Nc4 53. Re2 54. Rce1 55. Rc2 56. Rc1 57. Re2 58. Rce1 59.
Rc2 60. Rc1 61. Re2 1/2-1/2

[Event "Druzynowe Mistrzostwa Polski Juniorow - Ekstraliga"]
[Site "Sypniewo k. Jastrowia"]
[Date "2024-06-17"]
[Round "3.6"]
[White "Mataczyna, Aleksandra"]
[Black "Figa, Karolina"]
[Result "1-0"]
[WhiteTitle "I"]
[BlackTitle "I++"]
[WhiteElo "1723"]
[BlackElo "1760"]

1. e4 2. c6 3. Nc3 4. d5 5. Nf3 6. Bg4 7. h3 8. Bh5 9. exd5 10. cxd5 11. g4 12.
Bg6 13. Ne5 14. Nc6 15. d4 16. e6 17. h4 18. f6 19. Nxg6 20. hxg6 21. Bd3 22.
f5 23. Be3 24. Rxh4 25. Rg1 26. Qd6 27. Qe2 28. a6 29. O-O-O 30. f4 31. Bxg6+
32. Kd8 33. Bd2 34. Nxd4 35. Qd3 36. Nc6 37. Qf3 38. Ne5 39. Qxf4 40. Nxg6 41.
Qf7 42. N8e7 43. Bg5 44. Kd7 45. Bxh4 46. Nxh4 47. f4 48. Rc8 49. f5 50. Nxf5
51. gxf5 52. Qf4+ 53. Kb1 54. Qxf5 55. Rgf1 56. Qxf7 57. Rxf7 58. Kc6 59. Re1
60. Kd6 61. Ref1 62. Nf5 63. Rxb7 64. g5 65. Re1 66. g4 67. Rb6+ 68. Rc6 69. Rxc6+
70. Kxc6 71. Rxe6+ 72. Bd6 73. Ne2 74. g3 75. Rg6 76. Kd7 77. Kc1 78. Ke7 79.
Kd2 80. Kf7 81. Rxd6 82. Nxd6 83. Nxg3 84. Ke6 85. Kc3 86. Ne4+ 87. Nxe4 88. dxe4
89. Kd4 90. Kf5 91. Ke3 92. a5 93. a4 94. Ke5 95. c3 96. Kd5 97. b4 98. axb4 99.
cxb4 100. Kc4 101. a5 102. Kd5 1-0